Basic structures of the head and neck: a programed instruction in clinical anatomy for dental professionals (Record no. 63708)

MARC details
000 -LEADER
fixed length control field 00973nam a2200205 a 4500
008 - FIXED-LENGTH DATA ELEMENTS--GENERAL INFORMATION
fixed length control field 110912s1976 ||||||||||||||||| || u
020 ## - INTERNATIONAL STANDARD BOOK NUMBER
International Standard Book Number 0721675166
050 ## - LIBRARY OF CONGRESS CALL NUMBER
Classification number QM 535 Ree.
100 ## - MAIN ENTRY--PERSONAL NAME
Personal name Reed, Gretchen Mayo
245 10 - TITLE STATEMENT
Title Basic structures of the head and neck: a programed instruction in clinical anatomy for dental professionals
260 ## - PUBLICATION, DISTRIBUTION, ETC.
Place of publication, distribution, etc. Philadelphia:
Name of publisher, distributor, etc. W. B. Saunders
Date of publication, distribution, etc. 1976
300 ## - PHYSICAL DESCRIPTION
Extent xii, 716p.: ill.
350 ## -
-- 0.00
650 #3 - SUBJECT ADDED ENTRY--TOPICAL TERM
Topical term or geographic name entry element ANATOMY
650 ## - SUBJECT ADDED ENTRY--TOPICAL TERM
Topical term or geographic name entry element HEAD-PROGRAMMED INSTRUCTION
650 ## - SUBJECT ADDED ENTRY--TOPICAL TERM
Topical term or geographic name entry element NECK-PROGRAMMED INSTRUCTION
700 ## - ADDED ENTRY--PERSONAL NAME
Personal name Sheppard, Vincent F
995 ## -
-- MICHAEL CHILUFYA SATA OPEN ACCESS
-- 0.00
-- 900474
-- CBU-SCHOOL OF MEDICINE LIBRARY (Ndola)
-- 1
-- 0.00
-- QM 535 REE
-- 2
-- AVAILABLE
-- Oct 31, 2011
-- 900474
-- Medical Library Open Access Collection
995 ## -
-- MEDICAL LIBRARY OPEN ACCESS
-- 0.00
-- 901228
-- CBU-SCHOOL OF MEDICINE LIBRARY (Ndola)
-- 1
-- 0.00
-- QM 535 Ree.
-- 1
-- AVAILABLE
-- Oct 4, 2011
-- 901228
-- Medical Library Open Access Collection
999 ## -
-- 63708
-- 63708
Holdings
Withdrawn status Lost status Source of classification or shelving scheme Damaged status Not for loan Permanent Location Current Location Shelving location Date acquired Total Checkouts Full call number Barcode Date last seen Copy number Price effective from Koha item type
          CBU-MICHAEL CHILUFYA SATA LIBRARY CBU-MICHAEL CHILUFYA SATA LIBRARY   01/25/2023   QM 535 Ree. 900474 01/25/2023 1 01/25/2023 MONOGRAPH
          CBU-SCHOOL OF MEDICINE LIBRARY, NDOLA. CBU-SCHOOL OF MEDICINE LIBRARY, NDOLA.   01/25/2023   QM 535 Ree. 901228 01/25/2023 2 01/25/2023 MONOGRAPH